[Event "HUN-chT Csongrad Region"]
[Site "Hungary"]
[Date "2015.09.20"]
[Round "1.3"]
[White "Hajdu, Istvan"]
[Black "Szabo, Zoltan"]
[Result "1-0"]
[WhiteElo "1992"]
[BlackElo "1830"]
[PlyCount "45"]
[EventDate "2015.09.20"]
[EventType "team-tourn"]
[EventRounds "9"]
[EventCountry "HUN"]
[SourceTitle "EXT 2017"]
[Source "ChessBase"]
[SourceDate "2016.10.25"]
[SourceVersion "1"]
[SourceVersionDate "2016.10.25"]
[SourceQuality "1"]

1. e4 e5 2. Nf3 Nc6 3. d4 exd4 4. Bc4 Nf6 5. e5 Ng4 6. Qe2 Be7 7. h3 Nh6 8. Bxh6 gxh6 9. Nbd2 d5 10. Bb5 Bd7 11. 0-0-0 a6 12. Bxc6 bxc6 13. Nxd4 Qc8 14. Rhe1 c5 15. e6 Bxe6 16. Nxe6 Qxe6 17. Qxe6 fxe6 18. Rxe6 Kd7 19. Rxh6 c6 20. f4 Raf8 21. Rf1 Bg5 22. fxg5 Rxf1+ 23. Nxf1 1-0

[Event "HUN-chT2 Erkel 1415"]
[Site "Hungary"]
[Date "2014.11.16"]
[Round "2.9"]
[White "Szabo, Zoltan"]
[Black "D Albini, Geza"]
[Result "1-0"]
[WhiteElo "1792"]
[BlackElo "2033"]
[PlyCount "59"]
[EventDate "2014.09.28"]
[EventType "team-tourn"]
[EventRounds "9"]
[EventCountry "HUN"]
[SourceTitle "EXT 2016"]
[Source "ChessBase"]
[SourceDate "2015.10.08"]
[SourceVersion "1"]
[SourceVersionDate "2015.10.08"]
[SourceQuality "1"]
[WhiteTeam "GBSE"]
[BlackTeam "Vizugy"]
[WhiteTeamCountry "HUN"]
[BlackTeamCountry "HUN"]

1. e4 c5 2. Nf3 d6 3. d4 cxd4 4. Nxd4 Nf6 5. Nc3 a6 6. f3 e6 7. Be3 Be7 8. Qd2 0-0 9. g4 Nc6 10. g5 Nd7 11. h4 Nde5 12. Be2 Nxd4 13. Bxd4 Nc6 14. Be3 b5 15. 0-0-0 Qc7 16. Kb1 b4 17. Na4 Rb8 18. h5 Ne5 19. b3 a5 20. f4 Nc6 21. g6 hxg6 22. hxg6 fxg6 23. Bc4 Bd7 24. e5 d5 25. Bxd5 exd5 26. Qxd5+ Rf7 27. Rh8+ Kxh8 28. Qxf7 Qc8 29. Rh1+ Bh3 30. e6 1-0

[Event "HUN-chT2 Asztalos 1415"]
[Site "Hungary"]
[Date "2014.10.12"]
[Round "1"]
[White "Szabo, Zoltan"]
[Black "Degi, Janos"]
[Result "0-1"]
[WhiteElo "1862"]
[BlackElo "1903"]
[PlyCount "80"]
[EventDate "2014.10.12"]
[EventType "team-tourn"]
[EventRounds "9"]
[EventCountry "HUN"]
[SourceTitle "EXT 2016"]
[Source "ChessBase"]
[SourceDate "2015.10.08"]
[SourceVersion "1"]
[SourceVersionDate "2015.10.08"]
[SourceQuality "1"]
[WhiteTeam "Peti MTE"]
[BlackTeam "Marcali"]
[WhiteTeamCountry "HUN"]
[BlackTeamCountry "HUN"]

1. d4 d6 2. c4 g6 3. e4 Bg7 4. Nc3 Nf6 5. Bd3 Nc6 6. Nge2 e5 7. d5 Nd4 8. 0-0 0-0 9. f3 c5 10. dxc6 bxc6 11. Be3 c5 12. Nd5 Nxd5 13. cxd5 Kh8 14. Nxd4 exd4 15. Bd2 a5 16. Qe2 Qb6 17. Kh1 a4 18. Rab1 Ba6 19. f4 Rfc8 20. Bxa6 Rxa6 21. Qg4 Rg8 22. f5 Qd8 23. fxg6 Be5 24. Rxf7 Rxg6 25. Qh5 Qg8 26. Rbf1 Rxg2 27. Rxh7+ Qxh7 28. Qxh7+ Kxh7 29. Kxg2 Rb6 30. Bc1 c4 31. Rf2 d3 32. Rf7+ Kg6 33. Rf2 Bd4 34. Rd2 Be3 35. Rd1 Bxc1 36. Rxc1 d2 37. Rb1 a3 38. b3 c3 39. Kf3 c2 40. Rg1+ Kh6 0-1

[Event "HUN-chT2 Szechenyi 1213"]
[Site "Hungary"]
[Date "2013.04.21"]
[Round "11.5"]
[White "Mihalyfi, Gabor"]
[Black "Szabo, Zoltan"]
[Result "1-0"]
[WhiteElo "2067"]
[BlackElo "1862"]
[PlyCount "101"]
[EventDate "2012.09.16"]
[EventType "team-tourn"]
[EventRounds "11"]
[EventCountry "HUN"]
[SourceTitle "EXT 2014"]
[Source "ChessBase"]
[SourceDate "2013.11.20"]
[SourceVersion "1"]
[SourceVersionDate "2013.11.20"]
[SourceQuality "1"]
[WhiteTeam "Ajka Banyasz"]
[BlackTeam "Peti MTE"]
[WhiteTeamCountry "HUN"]
[BlackTeamCountry "HUN"]

1. d4 d5 2. c4 c6 3. Nf3 Nf6 4. g3 e6 5. Bg2 Be7 6. 0-0 0-0 7. Nc3 Nbd7 8. Qc2 b6 9. cxd5 cxd5 10. Bf4 Nh5 11. Bd2 Ba6 12. Rfe1 Rc8 13. Qa4 Nb8 14. a3 Nf6 15. Ne5 Nfd7 16. Bf4 Nxe5 17. Bxe5 Rc4 18. Qd1 f5 19. e3 Bd6 20. Bxd6 Qxd6 21. Rc1 Rfc8 22. Qd2 R4c7 23. Bf1 Bxf1 24. Kxf1 a6 25. Kg2 h6 26. Ne2 Rxc1 27. Rxc1 Rxc1 28. Qxc1 Qc6 29. Qd2 Nd7 30. Nf4 Nf6 31. f3 Kh7 32. Nd3 Qb5 33. Ne5 a5 34. Qc2 Qa6 35. Kf2 Qb5 36. g4 h5 37. gxf5 exf5 38. Qxf5+ Kg8 39. Qc8+ Kh7 40. Qc2+ Kg8 41. Ng6 Kf7 42. Nf4 Kg8 43. h4 Qd7 44. Qg6 Qd6 45. Qf5 Kh8 46. Kg2 b5 47. Qc8+ Kh7 48. Ne6 Nd7 49. Qxd7 Qxd7 50. Nf8+ Kg8 51. Nxd7 1-0

[Event "HUN-chT2 Szechenyi 0708"]
[Site "Hungary"]
[Date "2008.03.30"]
[Round "9"]
[White "Szabo, Zoltan"]
[Black "Kovacs, Andras"]
[Result "0-1"]
[WhiteElo "1792"]
[BlackElo "2005"]
[PlyCount "80"]
[EventDate "2007.10.14"]
[EventType "team-tourn"]
[EventRounds "11"]
[EventCountry "HUN"]
[SourceTitle "EXT 2009"]
[Source "ChessBase"]
[SourceDate "2008.11.26"]
[SourceVersion "1"]
[SourceVersionDate "2008.11.26"]
[SourceQuality "1"]
[WhiteTeam "Peti MTE"]
[BlackTeam "Veszprem"]
[WhiteTeamCountry "HUN"]
[BlackTeamCountry "HUN"]

1. e4 c5 2. Nf3 a6 3. c4 d6 4. Nc3 Nf6 5. Be2 Nc6 6. 0-0 Nd4 7. d3 e6 8. Be3 e5 9. Bg5 Be6 10. Nxd4 cxd4 11. Bxf6 Qxf6 12. Nd5 Bxd5 13. cxd5 Be7 14. Rc1 0-0 15. Rc7 Rab8 16. Qb3 b6 17. Rfc1 Qg5 18. R1c2 f5 19. R7c6 fxe4 20. dxe4 Qh4 21. f3 Qe1+ 22. Bf1 Bg5 23. Qd3 Rb7 24. Qe2 Qb1 25. a3 Be3+ 26. Kh1 Rbf7 27. b4 Qb3 28. Rxb6 d3 29. Qxd3 Qxd3 30. Bxd3 Bxb6 31. Bxa6 Ra7 32. b5 Rc7 33. Rc6 Rxc6 34. dxc6 Rd8 35. g3 Kf8 36. Bb7 Ke7 37. Kg2 Rf8 38. a4 Kd8 39. h4 Kc7 40. g4 Rd8 0-1

[Event "HUN-chT2 Szechenyi 0708"]
[Site "Hungary"]
[Date "2008.03.16"]
[Round "8"]
[White "Nagy, Kristof"]
[Black "Szabo, Zoltan"]
[Result "1/2-1/2"]
[WhiteElo "1794"]
[BlackElo "1792"]
[PlyCount "47"]
[EventDate "2007.10.14"]
[EventType "team-tourn"]
[EventRounds "11"]
[EventCountry "HUN"]
[SourceTitle "EXT 2009"]
[Source "ChessBase"]
[SourceDate "2008.11.26"]
[SourceVersion "1"]
[SourceVersionDate "2008.11.26"]
[SourceQuality "1"]
[WhiteTeam "Kertvaros"]
[BlackTeam "Peti MTE"]
[WhiteTeamCountry "HUN"]
[BlackTeamCountry "HUN"]

1. e4 e5 2. Nf3 Nc6 3. Bc4 Nf6 4. d3 Be7 5. Nc3 0-0 6. 0-0 d6 7. h3 Na5 8. Bb3 Nxb3 9. axb3 c5 10. Be3 b6 11. Qd2 Bb7 12. Bg5 h6 13. Bxf6 Bxf6 14. Rfe1 Be7 15. Nd1 f5 16. c4 f4 17. b4 g5 18. bxc5 bxc5 19. Nh2 h5 20. f3 Kh7 21. Nf2 a5 22. Ra3 Qc7 23. b3 Bd8 24. Rb1 1/2-1/2

[Event "HUN-chT2 Szechenyi 0708"]
[Site "Hungary"]
[Date "2008.03.02"]
[Round "7"]
[White "Szabo, Zoltan"]
[Black "Toth, Laszlo"]
[Result "1-0"]
[WhiteElo "1792"]
[BlackElo "2044"]
[PlyCount "83"]
[EventDate "2007.10.14"]
[EventType "team-tourn"]
[EventRounds "11"]
[EventCountry "HUN"]
[SourceTitle "EXT 2009"]
[Source "ChessBase"]
[SourceDate "2008.11.26"]
[SourceVersion "1"]
[SourceVersionDate "2008.11.26"]
[SourceQuality "1"]
[WhiteTeam "Peti MTE"]
[BlackTeam "Zala Volan"]
[WhiteTeamCountry "HUN"]
[BlackTeamCountry "HUN"]

1. e4 e5 2. Nf3 d6 3. d4 exd4 4. Nxd4 Be7 5. Nc3 Nf6 6. Be2 Nc6 7. 0-0 Bd7 8. f4 g6 9. b3 h5 10. Bb2 Rg8 11. Bb5 Nxd4 12. Bxd7+ Qxd7 13. Qxd4 Qc6 14. Nd5 Nxd5 15. exd5 Qb6 16. Qxb6 axb6 17. a4 Kd7 18. c4 f5 19. Rae1 Rae8 20. g3 Bd8 21. Kf2 Rgf8 22. Rxe8 Rxe8 23. Re1 Rxe1 24. Kxe1 c6 25. Ke2 cxd5 26. cxd5 Kc7 27. Kd3 h4 28. Bc1 h3 29. Kc4 Bf6 30. Be3 Kc8 31. Kb5 Bc3 32. Kxb6 Be1 33. Bg1 Bd2 34. Kb5 g5 35. fxg5 Bxg5 36. a5 f4 37. gxf4 Bxf4 38. a6 bxa6+ 39. Kxa6 Kb8 40. b4 Bg5 41. b5 Bd8 42. b6 1-0

[Event "SVK-ch U10"]
[Site "Liptovsky Mikulas"]
[Date "2007.04.24"]
[Round "4"]
[White "Szabo, Zoltan"]
[Black "Macko, Peter"]
[Result "0-1"]
[WhiteElo "1350"]
[BlackElo "1350"]
[PlyCount "48"]
[EventDate "2007.04.22"]
[EventType "swiss"]
[EventRounds "9"]
[EventCountry "SVK"]
[SourceTitle "EXT 2008"]
[Source "ChessBase"]
[SourceDate "2007.11.25"]
[SourceVersion "1"]
[SourceVersionDate "2007.11.25"]
[SourceQuality "1"]

1. e4 e5 2. Nf3 Nc6 3. Nc3 Nf6 4. Bc4 Bc5 5. 0-0 0-0 6. d3 h6 7. Nd5 d6 8. Nxf6+ Qxf6 9. h3 Be6 10. Bb5 Qg6 11. Nh4 Qf6 12. Nf3 a6 13. Ba4 Rad8 14. Bb3 b5 15. Bxe6 fxe6 16. Qd2 Nd4 17. Qg5 Nxf3+ 18. gxf3 hxg5 19. Bxg5 Qxg5+ 20. Kh1 Rxf3 21. Rg1 Qh4 22. Rg2 Bxf2 23. Rf1 Qxh3+ 24. Rh2 Qxf1# 0-1

[Event "SVK-ch U10"]
[Site "Liptovsky Mikulas"]
[Date "2007.04.23"]
[Round "2"]
[White "Szabo, Zoltan"]
[Black "Hlavina, Lubos"]
[Result "0-1"]
[WhiteElo "1350"]
[BlackElo "1372"]
[PlyCount "52"]
[EventDate "2007.04.22"]
[EventType "swiss"]
[EventRounds "9"]
[EventCountry "SVK"]
[SourceTitle "EXT 2008"]
[Source "ChessBase"]
[SourceDate "2007.11.25"]
[SourceVersion "1"]
[SourceVersionDate "2007.11.25"]
[SourceQuality "1"]

1. e4 e5 2. Nf3 Nc6 3. Nc3 Bc5 4. Bc4 Nf6 5. 0-0 d6 6. h3 0-0 7. d3 h6 8. a3 Be6 9. b4 Bb6 10. Bxe6 fxe6 11. Be3 Nd4 12. Ne2 Nxf3+ 13. gxf3 Bxe3 14. fxe3 Qd7 15. Nc3 d5 16. Ne2 c6 17. c3 Rad8 18. Qd2 dxe4 19. fxe4 Nxe4 20. Qc1 Rxf1+ 21. Qxf1 Qxd3 22. Qd1 Qxe3+ 23. Kh2 Rxd1 24. Rxd1 Qxe2+ 25. Kg1 Qf2+ 26. Kh1 Ng3# 0-1

[Event "SVK-ch U10"]
[Site "Liptovsky Mikulas"]
[Date "2007.04.22"]
[Round "1"]
[White "Adamciak, Tomas"]
[Black "Szabo, Zoltan"]
[Result "1/2-1/2"]
[WhiteElo "1350"]
[BlackElo "1350"]
[PlyCount "87"]
[EventDate "2007.04.22"]
[EventType "swiss"]
[EventRounds "9"]
[EventCountry "SVK"]
[SourceTitle "EXT 2008"]
[Source "ChessBase"]
[SourceDate "2007.11.25"]
[SourceVersion "1"]
[SourceVersionDate "2007.11.25"]
[SourceQuality "1"]

1. e4 e5 2. Nf3 Nc6 3. Bc4 Nf6 4. Nc3 Bb4 5. d3 0-0 6. 0-0 Bxc3 7. bxc3 Na5 8. Ba3 Re8 9. Bb3 Nxb3 10. cxb3 d6 11. h3 d5 12. d4 exd4 13. Qxd4 dxe4 14. Qxd8 Rxd8 15. Ng5 h6 16. Nxf7 Kxf7 17. f3 exf3 18. Rxf3 Kg8 19. Re1 Bd7 20. Be7 Re8 21. Rfe3 Kf7 22. Bxf6 Kxf6 23. Rf1+ Bf5 24. Rxe8 Rxe8 25. g4 Re5 26. gxf5 Rxf5 27. Re1 Rd5 28. c4 Rd3 29. Kg2 Rd2+ 30. Kg3 Rd3+ 31. Kg4 g6 32. Rf1+ Kg7 33. h4 h5+ 34. Kg5 Rd4 35. Rg1 Rg4+ 36. Rxg4 hxg4 37. Kxg4 a5 38. a3 b6 39. b4 axb4 40. axb4 c5 41. bxc5 bxc5 42. Kg5 Kf7 43. Kf4 Ke6 44. Kg5 1/2-1/2

[Event "HUN-chT2 Szechenyi 0607"]
[Site "Hungary"]
[Date "2006.12.10"]
[Round "4"]
[White "Finy, Mark"]
[Black "Szabo, Zoltan"]
[Result "1-0"]
[WhiteElo "1762"]
[BlackElo "2320"]
[PlyCount "83"]
[EventDate "2006.11.12"]
[EventType "team-tourn"]
[EventRounds "11"]
[EventCountry "HUN"]
[SourceTitle "EXT 2008"]
[Source "ChessBase"]
[SourceDate "2007.11.25"]
[SourceVersion "1"]
[SourceVersionDate "2007.11.25"]
[SourceQuality "1"]
[WhiteTeam "Arboretum"]
[BlackTeam "Peti MTE"]
[WhiteTeamCountry "HUN"]
[BlackTeamCountry "HUN"]

1. d4 d5 2. c4 e6 3. a3 Nf6 4. Bg5 Nbd7 5. Nc3 Be7 6. Nf3 0-0 7. e3 c6 8. c5 h6 9. Bh4 Re8 10. Bd3 Nf8 11. Qc2 N6d7 12. Bg3 f5 13. b4 a6 14. a4 Nf6 15. 0-0 g5 16. b5 Nh5 17. bxa6 bxa6 18. Ne2 Nxg3 19. Nxg3 Rb8 20. Ne5 Qc7 21. Qe2 Bf6 22. Qh5 Re7 23. Qxh6 Bxe5 24. dxe5 Rg7 25. Nh5 Rg6 26. Nf6+ Kf7 27. Qh5 Qxe5 28. Nh7 Qg7 29. Nxg5+ Kg8 30. f4 Nd7 31. Rfc1 Nf6 32. Qe2 Rh6 33. h3 a5 34. Rab1 Ra8 35. Rb6 Bd7 36. Rcb1 Nh7 37. Rb8+ Rxb8 38. Rxb8+ Nf8 39. Qe1 e5 40. Qc3 d4 41. exd4 Qe7 42. dxe5 1-0

[Event "HUN-chT2 Breyer 0203"]
[Site "Hungary"]
[Date "2003.03.23"]
[Round "9"]
[White "Szabo, Zoltan"]
[Black "Korodi, Tibor"]
[Result "0-1"]
[WhiteElo "1827"]
[BlackElo "1801"]
[PlyCount "88"]
[EventDate "2002.09.22"]
[EventType "team-tourn"]
[EventRounds "11"]
[EventCountry "HUN"]
[SourceTitle "EXT 2009"]
[Source "ChessBase"]
[SourceDate "2008.11.26"]
[SourceVersion "1"]
[SourceVersionDate "2008.11.26"]
[SourceQuality "1"]

1. d4 d6 2. c4 g6 3. Nc3 Nf6 4. e4 Bg7 5. Bd3 a6 6. Nge2 0-0 7. 0-0 Nc6 8. a3 Bg4 9. f3 Bc8 10. Be3 Nd7 11. Rc1 e6 12. Bb1 Ne7 13. Ba2 b6 14. b4 Bb7 15. Kh1 Rb8 16. Qd2 Nf6 17. Bh6 Ne8 18. Bxg7 Nxg7 19. d5 e5 20. Na4 Qd7 21. Bb3 b5 22. Nb2 c6 23. cxb5 axb5 24. dxc6 Bxc6 25. Rfd1 Rfd8 26. Nc3 Ne6 27. Ne2 Kg7 28. Rc3 h5 29. Rd3 Nc8 30. Rc1 Ra8 31. Bxe6 fxe6 32. Rdc3 Ne7 33. Qc2 Ra6 34. f4 Qb7 35. Re3 d5 36. Rg3 dxe4 37. fxe5 Nf5 38. Rh3 e3 39. Nf4 Rd2 40. Nxe6+ Kh6 41. Qc5 Bxg2+ 42. Kg1 Rxe6 43. Qf8+ Qg7 44. Qxg7+ Kxg7 0-1